| 000 | 00381pam a2200169a 44500 | ||
|---|---|---|---|
| 008 | 230405s2002 xxu||||| |||| 00| 0 eng d | ||
| 041 | _aENG | ||
| 100 | _aPOTDAR | ||
| 245 | _aPRINCIPLES OF PROGRAMMING LANGUAGE | ||
| 250 | _a2002 | ||
| 260 |
_aPUNE _bTECHNOVA PUB _c2002 |
||
| 300 | _aP.B, MISE PAGE | ||
| 650 | _aCSE | ||
| 690 | _aCSE | ||
| 700 | _aKAJAVE | ||
| 906 | _a1055 | ||
| 999 |
_c815250 _d815250 |
||